Sin lugar para la paz /

Analiza el clima político de Guatemala en la campaña electoral de 1990 para la elección de presidente y Asamblea Legislativa. Los candidatos de mayor popularidad son Jorge Carpio del Partido Unión del Centro Nacional, Alvaro Arzú y el socialcristiano Alfonso Cabrera, éste último acusado de corrupció...

Disgrifiad llawn

Wedi'i Gadw mewn:
Manylion Llyfryddiaeth
Prif Awdur: Marín, Raúl
Fformat: Texto
Iaith:Spanish
Pynciau:
Tagiau: Ychwanegu Tag
Dim Tagiau, Byddwch y cyntaf i dagio'r cofnod hwn!

MARC

LEADER 00000 a a2200000 04500
001 12309
003 cru IIS
005 20220920163414.0
008 220920b |||||||| |||| 00| 0 spa d
040 |c cru IIS 
100 |a Marín, Raúl  
245 |a Sin lugar para la paz /  |c Raúl Marín 
500 |a Colección Centroamérica 
520 |a Analiza el clima político de Guatemala en la campaña electoral de 1990 para la elección de presidente y Asamblea Legislativa. Los candidatos de mayor popularidad son Jorge Carpio del Partido Unión del Centro Nacional, Alvaro Arzú y el socialcristiano Alfonso Cabrera, éste último acusado de corrupción y narcotráfico durante la campaña. La participación de la izquierda en estos comicios se encuentra cada vez más debilitada, por intrigas políticas así como por la persecución de sus dirigentes. Concluye diciendo que la incapacidad de Vinicio Cerezo (actual presidente) de lograr una reactivación económica y la reconciliación política, hacen de Guatemala un país en el que no parece haber espacios políticos que hagan posible que la guerrilla se inserte en la vida institucional del país. AR/JM  
650 |a ELECCIONES  
650 |a PARTIDOS POLITICOS  
650 |a POLITICOS  
650 |a FMI  
650 |a ASPECTOS ECONOMICOS  
773 |g volumen 8, número 69; páginas 16-17  
773 0 |0 43109  |9 4778  |a Coodinadora Regional de Investigaciones Económicas y Sociales  |d Managua, Nicaragua: CRIES, 1982-  |o 22353  |t Pensamiento Propio / 
942 |2 ddc  |c PP 
999 |c 24669  |d 24669